Countries that are at war - Statistics

General Stats
  • This quiz has been taken 28 times
  • The average score is 44 of 72
Answer Stats
Since: Country % Correct
2017 2022 Russia
92%
2022 Ukraine
92%
19181948 Iran
88%
19482014 Israel
88%
1918 1921 19482008 Iraq
83%
2006 Mexico
83%
2008 2023 Sudan
83%
1963 1987 19961999
2004
Democratic Republic of the Congo
79%
2018 Ethiopia
79%
1948 North Korea
79%
1948 South Korea
79%
1987 2008 South Sudan
79%
1921 19482011 Syria
79%
19482014 Yemen
79%
1978 Afghanistan
75%
2002 Algeria
75%
1964 Colombia
75%
20022009 Niger
75%
1947 1948 19782004 Pakistan
75%
1991 Somalia
75%
2021 Armenia
71%
2021 Azerbaijan
71%
19471954 1967 India
71%
1921 Turkey
71%
2002 Burkina Faso
67%
1987 2012 Central African Republic
67%
20022009 2016 Chad
67%
1962 Indonesia
67%
20022011 Libya
67%
19982002 2003 2009 2017 Nigeria
67%
1948 Palestine
67%
2004 Rwanda
67%
19482014 Saudi Arabia
67%
2004 Burundi
63%
19481981 Egypt
63%
1948 Lebanon
63%
2002 Mali
63%
1970 2002 Morocco
63%
1948 Myanmar
63%
2002 Togo
63%
1996 Uganda
63%
1964 Venezuela
63%
1975 Angola
58%
2002 Benin
58%
2006 Brazil
58%
1989 Georgia
58%
2002 Ghana
58%
2020 Haiti
58%
2002 Mauritania
58%
1980 Peru
58%
1982 Senegal
58%
2002 Tunisia
58%
2014 United Arab Emirates
58%
1999 Bangladesh
54%
20022003
2009 2012 2017
Cameroon
50%
2002 Ivory Coast
50%
1991 Kenya
50%
2017 Mozambique
50%
19692016 Philippines
50%
2018 Ecuador
46%
2022 El Salvador
46%
2022 Honduras
46%
1948 Jordan
46%
1988 Papua New Guinea
46%
2005 Paraguay
46%
2017 Tanzania
46%
2004 Thailand
42%
1943 Jamaica
38%
1954 Bhutan
29%
1970 Western Sahara
8%
1989 South Ossetia
4%
1991 Somaliland
0%
No matching quizzes found
Score Distribution
Percent of People with Each Score
Percentile by Number Answered
Your Score History
You have not taken this quiz